000 00680nam a2200217 a 4500
001 40376
003 BD-RjUL
005 20211209053212.0
008 160430s2012 tu a|||| |||| 00| 0 eng d
020 _c: TK 300.00
035 _a(BD-RjUL)40491
040 _aBD-RjUL
_beng
_cBD-RjUL
041 _aeng
082 _223
_a956.1
_bCHT 2012
100 _aChowdhury, Ahmadul Islam
_9124381
245 1 0 _aTurkey :
_bAn Osmanian Empire /
_cAhmadul Islam Chowdhury
260 _aThe Republic of Turkey :
_bSalahuddin Kasem Khan,
_c2012
300 _a160 p. :
_bill; col., map. ;
_c22 cm.
650 _aTurkey
_vHistory
_x Ottoman Empire
_y1288-1918.
_9124382
942 _2ddc
_cBK
999 _c40376
_d40376